Turbulence and diffusion : (Record no. 11176)

MARC details
000 -LEADER
fixed length control field 00910nam a2200289 i 4500
001 - CONTROL NUMBER
control field 15302991
003 - CONTROL NUMBER IDENTIFIER
control field EG-ScBUE
005 - DATE AND TIME OF LATEST TRANSACTION
control field 20260119101445.0
008 - FIXED-LENGTH DATA ELEMENTS--GENERAL INFORMATION
fixed length control field 080522t2008 nyu g 001 0 eng d
020 ## - INTERNATIONAL STANDARD BOOK NUMBER
International Standard Book Number 9783540682219 (hardcover : alk. paper)
040 ## - CATALOGING SOURCE
Original cataloging agency DLC
Language of cataloging eng
Description conventions rda
Transcribing agency DLC
Modifying agency EG-ScBUE
082 0# - DEWEY DECIMAL CLASSIFICATION NUMBER
Edition number 20
Classification number 551.55
Item number BAK
100 1# - MAIN ENTRY--PERSONAL NAME
Personal name Bakunin, Oleg,
Relator term author.
9 (RLIN) 3113
245 10 - TITLE STATEMENT
Title Turbulence and diffusion :
Remainder of title scaling versus equations /
Statement of responsibility, etc Oleg G. Bakunin.
264 #1 - PUBLICATION, DISTRIBUTION, ETC. (IMPRINT)
Place of publication, distribution, etc New York :
Name of publisher, distributor, etc Springer,
Date of publication, distribution, etc [2008]
264 #4 - PUBLICATION, DISTRIBUTION, ETC. (IMPRINT)
Date of publication, distribution, etc c2008
300 ## - PHYSICAL DESCRIPTION
Extent xv, 265 pages ;
Dimensions 24 cm.
336 ## - CONTENT TYPE
Source rdacontent
Content type term text
Content type code txt
337 ## - MEDIA TYPE
Media type term unmediated
Source rdamedia
Media type code n
338 ## - CARRIER TYPE
Carrier type term volume
Carrier type code nc
Source rdacarrier
490 0# - SERIES STATEMENT
Series statement Springer series in synergetics
500 ## - GENERAL NOTE
General note Includes Index.
650 #7 - SUBJECT ADDED ENTRY--TOPICAL TERM
9 (RLIN) 3107
Topical term or geographic name as entry element Atmospheric turbulence.
Source of heading or term BUEsh
650 #7 - SUBJECT ADDED ENTRY--TOPICAL TERM
9 (RLIN) 3109
Topical term or geographic name as entry element Atmospheric diffusion.
Source of heading or term BUEsh
655 ## - INDEX TERM--GENRE/FORM
Form subdivision Reading book
942 ## - ADDED ENTRY ELEMENTS (KOHA)
Source of classification or shelving scheme Dewey Decimal Classification
Koha item type Book - Borrowing
Holdings
Withdrawn status Lost status Source of classification or shelving scheme Damaged status Not for loan Collection code Home library Current library Shelving location Date acquired Source of acquisition Cost, normal purchase price Serial Enumeration / chronology Total Checkouts Full call number Barcode Date last seen Price effective from Koha item type
    Dewey Decimal Classification     Baccah Central Library Central Library First floor 05/04/2009   640.00 7117   551.55 BAK 000015622 15/07/2025 05/04/2009 Book - Borrowing